| 000 | 00606nam a22001935i 4500 | ||
|---|---|---|---|
| 001 | 152880 | ||
| 003 | ES-MaACL | ||
| 005 | 20230906204917.0 | ||
| 008 | 051019s1852 fr | |||||||| ||fre d | ||
| 040 |
_aCAM _bspa _cCAM |
||
| 100 | 1 |
_aBurnouf, Jean Louis. _932746 |
|
| 245 | 1 | 0 |
_aMéthode pour étudier la langue latine / _cpar J.L. Burnouf. |
| 250 | _a18e éd. | ||
| 260 |
_aParis : _bJules Delalain, _c1852. |
||
| 300 |
_aXVI, 349, [3] p. ; _c22 cm. |
||
| 650 | 4 |
_aLengua latina- _vMétodos. _9162340 |
|
| 700 | 1 |
_aDelalain, Jules, _eed. _9126732 |
|
| 852 |
_aES-MaACL _jB-12479 _z-- Enc. ed. en cart. |
||
| 999 |
_c152880 _d152880 |
||